MAASAI MARA UNIVERSITY

LIBRARY CATALOGUE

Contact Us: +254 020 2685356/7 or 0774 057787

Box: 861-20500, NAROK, KENYA

Email: info@mmarau.ac.ke

Corn N.Thomas (Record no. 1700)

MARC details
000 -LEADER
fixed length control field 00405nam a2200133Ia 4500
008 - FIXED-LENGTH DATA ELEMENTS--GENERAL INFORMATION
fixed length control field 151015s9999 xx 000 0 und d
050 ## - LIBRARY OF CONGRESS CALL NUMBER
Classification number PR 541 .C36 1993
245 ## - TITLE STATEMENT
Title Corn N.Thomas
250 ## - EDITION STATEMENT
Edition statement _The cambridge companion to English poetry Donne to marvell Thomas N. Corns
300 ## - PHYSICAL DESCRIPTION
Extent New york Cambridge 1993
500 ## - GENERAL NOTE
General note Includes Index
650 ## - SUBJECT ADDED ENTRY--TOPICAL TERM
Topical term or geographic name as entry element _Poetry
700 ## - ADDED ENTRY--PERSONAL NAME
Personal name ^d20110331 11:29:11^okorir

No items available.

© 2016 Maasai Mara University.